Statistiche per Le 25 province italiane con più comuni

Clicka qui per fare il quiz!

Statistiche generali

  • Questo quiz è stato fatto 799 volte
  • Il punteggio medio è 17 su 25

Statistiche sulle risposte

#Numero di comuniPrima lettera della regioneRisposta% Corretto
1315PTorino
96%
13134LMilano
92%
14121LRoma
84%
3242LBergamo
81%
4205LBrescia
81%
2250PCuneo
78%
5190PAlessandria
75%
8158CSalerno
72%
7177TTrento
70%
12135FUdine
70%
22104VPadova
69%
15121VVicenza
65%
18116TBolzano
64%
16118PAsti
62%
10154LComo
62%
25100BPotenza
61%
23104CCaserta
59%
6188LPavia
59%
17118CAvellino
56%
9155CCosenza
56%
11139LVarese
56%
19115LCremona
53%
20108AL'Aquila
53%
21108SMessina
53%
24104AChieti
43%

Distribuzione punteggi

Percentile per numero di risposta

Percentuale di utenti per punteggio

I tuoi punteggi nel tempo

Non hai fatto questo quiz